| 000 -LEADER |
| fixed length control field |
01281cam a2200313 a 4500 |
| 001 - CONTROL NUMBER |
| control field |
13350767 |
| 005 - DATE AND TIME OF LATEST TRANSACTION |
| control field |
20221019180721.0 |
| 008 - FIXED-LENGTH DATA ELEMENTS--GENERAL INFORMATION |
| fixed length control field |
030924s2004 nyua 001 0 eng |
| 010 ## - LIBRARY OF CONGRESS CONTROL NUMBER |
| LC control number |
2003277029 |
| 015 ## - NATIONAL BIBLIOGRAPHY NUMBER |
| National bibliography number |
GBA2-V1640 |
| 020 ## - INTERNATIONAL STANDARD BOOK NUMBER |
| International Standard Book Number |
0471202150 |
| 035 ## - SYSTEM CONTROL NUMBER |
| System control number |
(OCoLC)ocm50582550 |
| 040 ## - CATALOGING SOURCE |
| Original cataloging agency |
UKM |
| Transcribing agency |
UKM |
| Modifying agency |
OCLCQ |
| -- |
DLC |
| 042 ## - AUTHENTICATION CODE |
| Authentication code |
lccopycat |
| 050 00 - LIBRARY OF CONGRESS CALL NUMBER |
| Classification number |
TA330 |
| Item number |
.H65 2004 |
| 082 04 - DEWEY DECIMAL CLASSIFICATION NUMBER |
| Classification number |
620.0015118,HOL |
| Edition number |
21 |
| 100 1# - MAIN ENTRY--PERSONAL NAME |
| Personal name |
Holloway, James Paul. |
| 9 (RLIN) |
62879 |
| 245 10 - TITLE STATEMENT |
| Title |
Introduction to engineering programming : |
| Remainder of title |
solving problems with algorithms / |
| Statement of responsibility, etc. |
James Paul Holloway. |
| 260 ## - PUBLICATION, DISTRIBUTION, ETC. |
| Place of publication, distribution, etc. |
New York : |
| Name of publisher, distributor, etc. |
Wiley, |
| Date of publication, distribution, etc. |
2004. |
| 300 ## - PHYSICAL DESCRIPTION |
| Extent |
xx, 422 p. : |
| Other physical details |
ill. ; |
| Dimensions |
24 cm. |
| 505 ## - FORMATTED CONTENTS NOTE |
| Formatted contents note |
Introduction (Page-1), Sequence (Page-17), Iteration (Page-80), Selection (Page-146), Dealing with Data (Page-183), Array Semantics (Page-223), Aggregate Semantics (Page-294), Finite Space and Time (Page-346). |
| 650 #0 - SUBJECT ADDED ENTRY--TOPICAL TERM |
| Topical term or geographic name entry element |
Engineering mathematics. |
| 650 #0 - SUBJECT ADDED ENTRY--TOPICAL TERM |
| Topical term or geographic name entry element |
Algorithms. |
| 9 (RLIN) |
13771 |
| 650 #0 - SUBJECT ADDED ENTRY--TOPICAL TERM |
| Topical term or geographic name entry element |
C++ (Computer program language) |
| 856 42 - ELECTRONIC LOCATION AND ACCESS |
| Materials specified |
Publisher description |
| Uniform Resource Identifier |
<a href="http://www.loc.gov/catdir/description/wiley041/2003277029.html">http://www.loc.gov/catdir/description/wiley041/2003277029.html</a> |
| 856 41 - ELECTRONIC LOCATION AND ACCESS |
| Materials specified |
Table of contents |
| Uniform Resource Identifier |
<a href="http://www.loc.gov/catdir/toc/wiley041/2003277029.html">http://www.loc.gov/catdir/toc/wiley041/2003277029.html</a> |
| 906 ## - LOCAL DATA ELEMENT F, LDF (RLIN) |
| a |
7 |
| b |
cbc |
| c |
copycat |
| d |
2 |
| e |
ncip |
| f |
20 |
| g |
y-gencatlg |
| 942 ## - ADDED ENTRY ELEMENTS (KOHA) |
| Source of classification or shelving scheme |
|
| Koha item type |
Book |